01362nac a22002771u 4500010001600000020001500016035002000031082001900051090001500070100003400085245004900119260012100168300003300289500032900322500002600651504004100677511002800718650005500746650002600801700001800827710005100845710003700896942002100933999001500954952011500969 a 99178840 a0727725912 a(OCoLC)3801892400a624.20289bSAF c9646d9646 a20080729 00aSafety of bridges /cedited by Parag C. Das. aLondon :bTelford ;aNew York :bDistributors, American Society of Civil Engineers, Publications Sales Dept.,c1997. avi, 249 p. :bill. ;c25 cm. a"The international symposium, The Safety of Bridges, organized by Thomas Telford Conferences on behalf of the Institution of Civil Engineers and the Highways Agency, was held in London on 4-5 July 1996. Many of the papers presented at this Symposium are included herein. These have all been revised and updated"--T.p. verso. aDistributer:Al-Ahram. aIncludes bibliographical references. aCatalogued By: Mahitab. 0aBridgesxDesign and constructionxSafety measures. 0aBridgesxReliability.1 aDas, Parag C.2 aInstitution of Civil Engineers (Great Britain)2 aGreat Britain.bHighways Agency. cBBk624.20289SAF c9646d9646 00104070aMAINbMAINc1STd2008-05-26ePurchasel0o624.20289SAFp000011432r2025-07-15 00:00:00v321.80yBB